Transakčné náklady a štruktúra fariem v strednej a východnej Európe a v krajinách bývalého Sovietskeho zväzu

V krajinách SVE a v bývalých krajinách ZSSR existujú veľké korporátne farmy a malé rodinné farmy. Obe sa špecializujú na produkciu tých komodít, v ktorých dosahujú komparatívne výhody. Štruktúra fariem určuje, v ktorých produktoch bude daná krajina komparatívna na medzinárodných trhoch. Tento záver...

ver descrição completa

Na minha lista:
Detalhes bibliográficos
Autor principal: Ciaian, Pavel
Outros Autores: Drábik, Dušan, Pokrivčák, Ján
Formato: Capítulo de Livro
Idioma:eslovaco
Assuntos:
Tags: Adicionar Tag
Sem tags, seja o primeiro a adicionar uma tag!

MARC

LEADER 00000naa$a2200000$$$4500
001 0091540
005 20221128083017.7
041 0 |a slo 
044 |a SK 
245 1 0 |a Transakčné náklady a štruktúra fariem v strednej a východnej Európe a v krajinách bývalého Sovietskeho zväzu  |c Pavel Ciaian, Dušan Drábik, Ján Pokrivčák 
520 |a V krajinách SVE a v bývalých krajinách ZSSR existujú veľké korporátne farmy a malé rodinné farmy. Obe sa špecializujú na produkciu tých komodít, v ktorých dosahujú komparatívne výhody. Štruktúra fariem určuje, v ktorých produktoch bude daná krajina komparatívna na medzinárodných trhoch. Tento záver je dôležitý najmä z pohľadu tranzitívnych krajín, kde vysoké transakčné náklady brzdia zmenu organizácie fariem. Pre tranzitívne krajiny vyznačujúce sa vysokými transakčnými nákladmi je dôležitejší výber štruktúry produkcie než výber organizácie farmy. 
610 2 0 |a SVE 
610 2 0 |a Rusko 
610 2 0 |a farmy 
610 2 0 |a farmy rodinné 
610 2 0 |a štruktúra organizačná 
610 2 0 |a špecializácia výroby 
610 2 0 |a náklady transakčné 
100 1 |a Ciaian, Pavel 
700 1 |a Drábik, Dušan 
700 1 |a Pokrivčák, Ján